Online
Catalog

Foro ciudadano : (Record no. 59487)

MARC details
000 -CABECERA
campo de control de longitud fija 01780nam a2200289 i 4500
003 - IDENTIFICADOR DEL NÚMERO DE CONTROL
campo de control DO-SdBNP
005 - FECHA Y HORA DE LA ÚLTIMA TRANSACCIÓN
campo de control 20250711110625.0
007 - CAMPO FIJO DE DESCRIPCIÓN FÍSICA--INFORMACIÓN GENERAL
campo de control de longitud fija ta
008 - DATOS DE LONGITUD FIJA--INFORMACIÓN GENERAL
campo de control de longitud fija 250710b2025 dr ||||| |||| 00| 0 spa d
020 ## - NÚMERO INTERNACIONAL ESTÁNDAR DEL LIBRO
Número Internacional Estándar del Libro 9789945224184
040 ## - FUENTE DE LA CATALOGACIÓN
Centro catalogador/agencia de origen DO-SdBNP
Lengua de catalogación spa
Centro/agencia transcriptor BNPHU
Normas de descripción rda
082 ## - NÚMERO DE LA CLASIFICACIÓN DECIMAL DEWEY
Número de clasificación xxx
Número de documento/Ítem R239
Número de edición 22
100 1# - ENTRADA PRINCIPAL--NOMBRE DE PERSONA
Nombre de persona Rauber, Isabel
Término indicativo de función/relación autora
Código de función/relación aut.
9 (RLIN) 53755
245 10 - MENCIÓN DE TÍTULO
Título Foro ciudadano :
Resto del título protagonistas, trayecto y proyecto /
Mención de responsabilidad, etc. Isabel Rauber ; prólogo, Guadalupe Valdez
264 ## - PRODUCCIÓN, PUBLICACIÓN, DISTRIBUCIÓN, FABRICACIÓN Y COPYRIGHT
Producción, publicación, distribución, fabricación y copyright Santo Domingo :
Nombre del de productor, editor, distribuidor, fabricante Foro ciudadano RD,
-- Editora Búho,
Fecha de producción, publicación, distribución, fabricación o copyright 2025.
300 ## - DESCRIPCIÓN FÍSICA
Extensión 303 páginas ;
Dimensiones 23 cm.
336 ## - TIPO DE CONTENIDO
Término de tipo de contenido texto
Código de tipo de contenido txt
Fuente rdacontent
337 ## - TIPO DE MEDIO
Nombre/término del tipo de medio sin mediación
Código del tipo de medio n
Fuente rdamedia
338 ## - TIPO DE SOPORTE
Nombre/término del tipo de soporte volumen
Código del tipo de soporte nc
Fuente rdacarrier
490 1# - MENCIÓN DE SERIE
Mención de serie Un foro para tod@s
500 ## - NOTA GENERAL
Nota general Incluye datos biografícos de la autora en la solapa de la cubierta.
520 ## - SUMARIO, ETC.
Sumario, etc. trata sobre la experiencia de Foro Ciudadano en sus 25 años de trayectoria. Partiendo de un recorrido de antecedentes históricos de su surgimiento, basado en análisis bibliográfico, se pasa luego a un recorrido de su trayectoria, contando con el aporte testimonial de diversos protagonistas de Foro Ciudadano, que aportan sus visiones acerca de los diferentes momentos y ámbitos de desarrollo de Foro Cidadano.<br/>Finalmente las reflexiones se centran en los desafíos para este nuevo período, que caracterizan como una continuación de lo realizado, pero con las innovaciones necesarias que requiere la sociedad dominicano en este tiempo. Y proponen enfatizar el enriquecimiento de la organización con la incorporación de jóvenes, para lograr -lo que intuyen- será una fructífera renovación generacional.
590 ## - NOTA LOCAL (RLIN)
Nota local Inventariado, 2025/ YL
700 1# - PUNTO DE ACCESO ADICIONAL--NOMBRE DE PERSONA
Nombre de persona Valdez, Guadalupe
Término indicativo de función/relación prólogo
Código de función/relación pr.
9 (RLIN) 14014
910 ## - DATOS DE OPCIÓN DEL USUARIO (OCLC)
Datos de opción del usuario YLockward
942 ## - ELEMENTOS DE PUNTO DE ACCESO ADICIONAL (KOHA)
Fuente del sistema de clasificación o colocación Dewey Decimal Classification
Tipo de ítem Koha Libro
Holdings
Estado de retiro Estado de pérdida Fuente del sistema de clasificación o colocación Restricciones de uso No para préstamo Código de colección Localización permanente Ubicación/localización actual Ubicación en estantería Fecha de adquisición Fuente de adquisición Total de préstamos Signatura topográfica completa Código de barras Fecha visto por última vez Precio válido a partir de Tipo de ítem Koha Número de copia
    Dewey Decimal Classification Excluido de préstamo   Patrimonio Dominicano Biblioteca Nacional Pedro Henríquez Ureña Biblioteca Nacional Pedro Henríquez Ureña En catalogación 23.05.2025 Depósito Legal editora Búho   BNPHU PD xxx R239 2025-6383 10.07.2025 10.07.2025 Libro  
    Dewey Decimal Classification Excluido de préstamo   Patrimonio Dominicano Biblioteca Nacional Pedro Henríquez Ureña Biblioteca Nacional Pedro Henríquez Ureña En catalogación 23.05.2025 Depósito Legal editora Búho   BNPHU PD xxx R239 2025-6384 10.07.2025 10.07.2025 Libro e. 2
    Dewey Decimal Classification Préstamo en sala   Dominicana de Servicio Biblioteca Nacional Pedro Henríquez Ureña Biblioteca Nacional Pedro Henríquez Ureña En catalogación 23.05.2025 Depósito Legal editora Búho   BNPHU DS xxx R239 2025-6385 10.07.2025 10.07.2025 Libro e. 3

Powered by Koha